| 000 | 00428nam a2200181Ia 4500 | ||
|---|---|---|---|
| 005 | 20250423100807.0 | ||
| 008 | 250422s9999 xx 000 0 und d | ||
| 020 | _a8122417148 | ||
| 050 | _aTA 174 .M57/ | ||
| 100 | _aMishra, R.C. | ||
| 245 | 0 | _aReliability and maintenance engineering | |
| 260 | _aNew Delhi | ||
| 260 | _bNew Age Int. Pub. | ||
| 260 | _c2008 | ||
| 300 | _a197 p | ||
| 650 | _aEngineering | ||
| 942 | _cBK | ||
| 999 |
_c34359 _d34359 |
||